01214nam a2200301Ia 4500001001200000003000800012006001900020007001500039008004100054020001500095040002100110035002000131050002600151245012100177260005900298300001000357490004200367533015200409650002700561650003800588655002900626700001900655700002100674710001700695711005700712856012600769999001700895ebr10052731CaPaEBRm u cr cn|||||||||000815s2002 enk s 000 0 eng d z0861767268 aCaPaEBRcCaPaEBR a(OCoLC)6136350914aZ1033.E43bE54 2002eb00aElectronic books for teaching and learningh[electronic resource] /cguest editors, Monica Landoni and Ignacio Aedo. aBradford, England :bEmerald Group Publishing,cc2002. a46 p.0 aThe electronic library ;vv.20, no. 4 aElectronic reproduction.bPalo Alto, Calif. :cebrary,d2009.nAvailable via World Wide Web.nAccess may be limited to ebrary affiliated libraries. 0aLibrariesxAutomation. 0aLibrary sciencexData processing. 7aElectronic books.2local1 aAedo, Ignacio.1 aLandoni, Monica.2 aebrary, Inc.22a17th Annual Assoc. of Computing Machinery Symposium.40uhttp://site.ebrary.com/lib/rucke/Doc?id=10052731zAn electronic book accessible through the World Wide Web; click to view c65600d65600